000
00309nam a22001337a 4500
008
171024b xxu||||| |||| 00| 0 eng d
020
_a
0534353738
041
_a
eng
080
_2
4 ED
_a
311
100
_a
55
101
_a
STA
245
_a
STATISTICAL THINKING FOR MANAGERS
_c
DAVID.K.H
942
_2
udc
_c
BK
999
_c
35656
_d
35656